000 03405nab a2200325 i 4500
003 BR-BrBNA
005 20240401102240.0
008 240401b2020 bl.ar|pooa||| 00| 0 eng |
040 _aBR-BrBNA
_beng
072 _aF30
_b0120
100 _aRosa, Jocimar Costa
100 _aFaria, Marcos Ventura
100 _aZaluski, Welton Luiz
100 _aGava, Emanuel
100 _aAndreoli, Pedro Henrique Willemann
100 _aSagae, Vitor Seiti
245 _aForage potential of S3 corn progenies in topcrosses and selection of testers of different genetic bases
500 _aPublicação on-line; 29 ref.; 6 illus.; Summaries (En, Pt)
520 _a Abstract – The objective of this work was to identify corn (Zea mays) genotypes with forage potential and to evaluate the efficiency of testers to discriminate forage traits in topcrosses, considering the contribution of additive and nonadditive genes. The experiment was carried out in the 2015/2016 and 2016/2017 crop seasons, in a randomized complete block design with three replicates. Thirty S3 corn progenies were evaluated in topcrosses with the AG8025, P30B39, MLP102, 60.H23.1, and 70.H26.1 testers. The following traits were assessed: forage dry mass yield, neutral detergent fiber, acid detergent fiber, and forage dry mass degradability. Progenies 205.2, 159.6, and 199.2, in this order, presented the best performance for forage potential. Testers 60.H23.1 and 70.H26.1 better expressed the genetic variability between progenies. For all traits in both crop seasons, there is a predominance of the action of genes of nonadditive effects. Index terms: Zea mays, additive effects, nonadditive effects, partial diallel.
520 _a Resumo – O objetivo deste trabalho foi identificar genótipos de milho (Zea mays) com potencial forrageiro e avaliar a eficiência dos testadores em discriminar características forrageiras em cruzamentos topcrosses, ao se considerar a contribuição de genes aditivos e não aditivos. O experimento foi conduzido nas safras de 2015/2016 e 2016/2017, no delineamento de blocos ao acaso, com três repetições. Avaliaram-se 30 progênies S3 de milho em cruzamentos topcrosses com os testadores AG8025, P30B39, MLP102, 60.H23.1 e 70.H26.1. Foram avaliadas as seguintes características: produtividade de massa seca da forragem, fibra em detergente neutro, fibra em detergente ácido e degradabilidade da massa seca da forragem. As progênies 205.2, 159.6 e 199.2, nessa ordem, apresentaram o melhor desempenho para potencial forrageiro. Os testadores 60.H23.1 e 70.H26.1 melhor expressaram a variabilidade genética existente entre as progênies. Para todas as características nas duas safras, há o predomínio da ação de genes de efeitos não aditivos. Termos para indexação: Zea mays, efeitos aditivos, efeitos não aditivos, dialelo parcial.
650 _aMILHO
650 _aGENÓTIPO
650 _aCRUZAMENTO
650 _aVARIAÇÃO GENÉTICA
650 _aFORRAGEM
773 0 _0920
_925800
_dBrasília-DF Empresa Brasileira de Pesquisa Agropecuária - EMBRAPA 1966-
_o2023-436355
_tPesquisa Agropecuária Brasileira (Brazil)
_x0100-204X
_gv. 55 p. 1-11.; (2020)
_wBR2023000264
856 _uhttps://www.scielo.br/j/pab/a/ckSQ4NQNWxzqRgXrbSdyJqL/?format=pdf&lang=en
942 _cAnalítica
999 _c299004
_d299004